Αστική και περιφερειακή οικονομική
Αποθηκεύτηκε σε:
| Κύριος συγγραφέας: | |
|---|---|
| Άλλοι συγγραφείς: | , |
| Μορφή: | Βιβλίο |
| Γλώσσα: | Greek English |
| Δημοσίευση: |
Αθήνα :
Κριτική,
2002.
|
| Σειρά: | Επιστημονική βιβλιοθήκη (Κριτική)
|
| Θέματα: | |
| Ετικέτες: |
Προσθήκη ετικέτας
Δεν υπάρχουν, Καταχωρήστε ετικέτα πρώτοι!
|
MARC
| LEADER | 00000nam a2200000 i 4500 | ||
|---|---|---|---|
| 001 | 1/47137 | ||
| 008 | 140513s2002 gre d | ||
| 020 | |a 978-960-218-293-2 (pbk.) | ||
| 035 | |l 10117603 | ||
| 040 | |a GR-MY-UA |b gre |e aacr | ||
| 041 | 1 | |a gre |h eng | |
| 082 | 0 | |a 330.91732 |2 (23) | |
| 100 | 1 | |a McCann, Philip |d 1964- | |
| 245 | 1 | 0 | |a Αστική και περιφερειακή οικονομική / |c Philip McCann ; μετάφραση Πέτρος Ρύλμον, επιστημονική επιμέλεια και πρόλογος Ελένη Λουρή-Δενδρινού. |
| 260 | |a Αθήνα : |b Κριτική, |c 2002. | ||
| 300 | |a 426 σ. : |b διαγρ. ; |c 24 εκ. | ||
| 490 | 1 | |a (Επιστημονική βιβλιοθήκη) | |
| 504 | |a Βιβλιογραφία: σ. 411-426. | ||
| 500 | |a Μετάφραση του: Urban and regional economics. | ||
| 650 | 0 | 0 | |a Urban economics. |
| 650 | 0 | 0 | |a Regional economics. |
| 700 | 1 | |a Λινάρδος-Ρυλμόν, Πέτρος, |e trl [Μεταφραστής] | |
| 700 | 1 | |a Λουρή-Δενδρινού, Ελένη, |e edt [Επιμελητής] |e aui [Συγγραφέας προλόγου] | |
| 830 | 0 | |a Επιστημονική βιβλιοθήκη (Κριτική) | |
| 852 | |a INST |b CHIOS |c EUDOXUS |e 20140513 |h 330.91732 MCC |p 005200036069 |q 005200036069 |t EDX |y 0 | ||
| 852 | |a INST |b LESVOS |c EUDOXUS |e 20150202 |h 339 MCC |p 005100056137 |q 005100056137 |t EDX |y 0 | ||
| 852 | |a INST |b LESVOS |c EUDOXUS |e 20160112 |h 339 MCC |p 005100057831 |q 005100057831 |t EDX |y 0 | ||
| 901 | |a BIBL2-2014-2 | ||
| 901 | |a BIBL1-2015-1 | ||
| 909 | |a Χ |b 180701 | ||
| 909 | |a Λ |b 191677 | ||
| 920 | |a Εύδοξος |b Παραγγελία |y Χίος-ΤΔΕ |z 2014-05 | ||
| 920 | |a Εύδοξος |b Παραγγελία |y Λέσβος-ΤΓ |z 2014-11 | ||
| 920 | |a Εύδοξος |b Παραγγελία |y Λέσβος-ΤΚ |z 2016-01 | ||
| 970 | |a ΣΠΕΝΤΖΑ |b ΕΛΕΝΗ |z 2014/05/13 | ||